000 01498cam a2200313 4500
999 _c8179
_d8179
001 8179
003 BD-JhCC
005 20220118134020.0
008 911107s1758 ie |||| s 00||||eng c
035 _a(BD-JhCC)8179
040 _aUk-ES
_cUk-ES
_dCU-RivES
_dCStRLIN
_dCU-RivES
_dCengage Gale
_dBD-JhCC
041 _aeng
082 _bSWI 1758
091 _aecol
100 1 _aSwift, Jonathan,
_d1667-1745.
240 1 0 _aGulliver's Travels
245 1 0 _aTravels into several remote nations of the world.
_bIn four parts, viz. I. A voyage to Lilliput. II. A voyage to Brobdingnagg. III. A voyage to Laputa, Balnibarbi, Luggnagg, Glubbdubdrib, and Japan. IV. A voyage to the country of the Houyhnhnms. By Lemuel Gulliver, first a surgeon, and then captain of several ships.
260 _aDublin :
_bPrinted for G. and A. Ewing, in Dame-street,
_cMDCCLVIII. [1758]
300 _aviii,3-306 pages ;
_c12p0s.
500 _aLemuel Gulliver = Jonathan Swift.
500 _aNot in Teerink-Scouten
500 _aReproduction of original from National Library of Ireland.
510 4 _aEnglish Short Title Catalog,
_cT208280.
650 0 _aVoyages, Imaginary
_vFiction.
752 _aIreland
_dDublin.
856 4 0 _uhttp://find.galegroup.com/ecco/infomark.do?contentSet=ECCOArticles&docType=ECCOArticles&bookId=1601101300&type=getFullCitation&tabID=T001&prodId=ECCO&docLevel=TEXT_GRAPHICS&version=1.0&source=library&userGroupName=nla
_zFull text online
942 _2ddc
_cBK
_02